000 00629nam a2200265Ia 4500
008 210210b1964 xxu||||| |||| 00| 0 eng d
041 _aeng
082 _a507 THUT
100 _aTHURBER (Walter A)
245 _aTeaching science in todays secondary schools Ed 2
250 _a
260 _aN D
_bPrentice-Hall of India Private Limited
_c1964
300 _axiv,703
650 _atodays
650 _aTeaching
650 _asecondary
650 _ascience
650 _aschools
650 _ain
650 _aEd
650 _a2
690 _aPure Sciences
700 _aCOLLETTE (Alfred T)
906 _a010101
999 _c151956
_d151956